000 00699nam a2200205 i 4500
001 109012
003 ES-MaACL
005 20230906184747.0
007 t|
008 061121s1956 sp r ||||1| spa d
100 1 _aMiribel, Elisabeth.
_981587
245 1 0 _aEdith Stein
_b: hija de Israel y martir de Cristo, 1891-1942 /
_cElisabeth Miribel ; prólogo de H. I. Marrou ; versión española, Miguel de Salabert.
250 _a1ª ed.
260 _aMadrid :
_bTaurus,
_c1956.
300 _a243 p. ;
_c21 cm.
600 1 4 _aEdith Stein
_cSanta (
_d1891-1942)
_946641
700 1 _aMarrou, Henri Irénée.
_977091
700 1 _aSalabert, Miguel de.
_9101687
852 _aES-MaACL
_jC-17642
_bR.45380
999 _c109012
_d109012